000 00348nam a2200157Ia 4500
003 Ost
005 20260225132552.0
008 260225s9999||||xx |||||||||||||| ||und||
040 _cfsic
041 _afre
082 _a440
100 _aAbdelhamid Derradji
_eAuteur
245 0 _aCode civil /
245 0 _cAbdelhamid Derradji
942 _cكتاب
999 _c34227
_d34227